01066nam a2200217Ia 45000010005000000080041000050200018000462450069000642600046001333000020001795200394001995460012005936480020006056500023006256500024006486500046006726510009007189420007007279990015007349520099007496549260430s9999 xx 000 0 und d a9789957514136 0aMy Iraq: ba photographic autobiography and more/ cIhsan Fethi aAmman; bAl Adib Publishing House; c2010 a509p; c35x29cm aMy Iraq: A Photographic Autobiography and More is a visual and narrative work by architect and photographer Ihsan Fethi. The book combines personal memoir with photography, documenting Iraq’s cultural heritage, urban landscapes, and architectural history. Through images and reflections, Fethi captures both the beauty of Iraq’s past and the transformations it has undergone over time. aEnglish a1970-201099384 aArchitecture97309 aAutobiography98344 aTR624-835 Technology- Applied Photography aIraq cBK c6549d6549 001040708TaSAFL bPHGALd2026-04-27l0oTR624-835 98.485p6549r2026-04-30w2026-04-30yBK